| 000 | 00791nam a2200217 4500 | ||
|---|---|---|---|
| 003 | IeDuTC | ||
| 005 | 20181127180829.0 | ||
| 008 | 931213s1993 enk 000 1 eng | ||
| 020 |
_a9780552995870 _c |
||
| 100 | 1 |
_aEsquivel, Laura, _d1950- |
|
| 240 | 0 | 0 |
_aComo agua para chocolate. _lEnglish. |
| 245 | 1 | 0 |
_aLike water for chocolate / _cLaura Esquivel ; translated by Carol Christensen and Thomas Christensen. |
| 260 |
_aLondon : _bBlack Swan, _c1993. |
||
| 300 | _a221p. | ||
| 650 |
_aCooking -- Mexico -- Fiction. _v _x _y _z _2 |
||
| 650 |
_aFamilies -- Mexico -- Fiction. _v _x _y _z _2 |
||
| 650 |
_aLove stories. _v _x _y _z _2 |
||
| 650 |
_aMan-woman relationship -- Fiction. _v _x _y _z _2 |
||
| 650 |
_aMexico -- Fiction. _v _x _y _z _2 |
||
| 700 | 1 |
_aEsquivel, Laura, _d1950-. _tLike water for hot chocolate. |
|
| 999 |
_c5129 _d5129 |
||